| 000 | 00517nam a22002051 4500 | ||
|---|---|---|---|
| 001 | bimo0001517014 | ||
| 003 | OSt | ||
| 005 | 20130712110601.0 | ||
| 008 | 000401s1967 sp spa | ||
| 035 | _a(OCoLC)433272015 | ||
| 040 |
_aSpMaBN _cBMC |
||
| 082 | _a864.5-6 | ||
| 100 |
_97 _aUnamuno, Miguel de _d1864-1936 |
||
| 245 | 1 | 0 |
_aVisiones y comentarios _cMiguel de Unamuno |
| 250 | _a4ยช ed | ||
| 260 | 0 |
_aMadrid _bEspasa-Calpe _c1967 |
|
| 300 |
_a157 p. _c18 cm |
||
| 490 | 0 |
_aAustral _v900 |
|
| 942 |
_2ddc _cBK |
||
| 999 |
_c361 _d361 |
||